[Event "TUR-ch Seniors 65"]
[Site "Ankara"]
[Date "2023.05.24"]
[Round "6"]
[White "Asilkefeli, Metin"]
[Black "Ozturk, Ali"]
[Result "1-0"]
[WhiteElo "1915"]
[BlackElo "1519"]
[PlyCount "81"]
[EventDate "2023.05.19"]
[EventType "swiss"]
[EventRounds "9"]
[EventCountry "TUR"]
[SourceTitle "CBM 214 Extra"]
[Source "ChessBase"]
[SourceDate "2023.07.31"]
[SourceVersion "1"]
[SourceVersionDate "2023.07.31"]
[SourceQuality "1"]

1. d4 d5 2. Nf3 Nf6 3. g3 g6 4. Bg2 Bg7 5. c4 c6 6. 0-0 0-0 7. cxd5 cxd5 8. Nc3 Nc6 9. Ne5 e6 10. Bf4 Nd7 11. Nxc6 bxc6 12. Na4 Ba6 13. Qd2 e5 14. dxe5 Nxe5 15. b3 Re8 16. Rac1 Bb5 17. Nc3 Ba6 18. Rfe1 f5 19. Nxd5 cxd5 20. Qxd5+ Qxd5 21. Bxd5+ Kf8 22. Bxa8 Rxa8 23. Rc7 Re8 24. Be3 Ng4 25. Rxa7 Nxe3 26. Rxa6 Nc2 27. Rc1 Rxe2 28. Ra8+ Kf7 29. Ra7+ Kf8 30. Rc7 Nd4 31. Rd7 Re8 32. Rcc7 Ne6 33. Rb7 h5 34. b4 Bc3 35. a4 f4 36. gxf4 Kg8 37. Re7 Rxe7 38. Rxe7 Nxf4 39. Rb7 Bd4 40. a5 Ne6 41. a6 1-0

[Event "TUR-chT 2nd League"]
[Site "Konya"]
[Date "2019.07.27"]
[Round "8.14"]
[White "Asilkefeli, Metin"]
[Black "Rzayev, Bahruz Iqbal Oglu"]
[Result "0-1"]
[WhiteElo "1907"]
[BlackElo "2340"]
[PlyCount "87"]
[EventDate "2019.07.22"]
[EventType "team-swiss"]
[EventRounds "9"]
[EventCountry "TUR"]
[SourceTitle "CBM 191 Extra"]
[Source "ChessBase"]
[SourceDate "2019.09.30"]
[SourceVersion "1"]
[SourceVersionDate "2019.09.30"]
[SourceQuality "1"]
[WhiteTeam "Samsun Gercek"]
[BlackTeam "Kahramanmaras Ustad"]
[WhiteTeamCountry "TUR"]
[BlackTeamCountry "TUR"]

1. d4 d5 2. Nf3 Nf6 3. g3 c5 4. Bg2 cxd4 5. 0-0 g6 6. Qxd4 Bg7 7. Rd1 Nc6 8. Qh4 Qb6 9. Nc3 e6 10. Rb1 h6 11. Be3 Qd8 12. Bc5 g5 13. Qa4 Nd7 14. Ba3 Nb6 15. Qb3 Nc4 16. Nb5 N6a5 17. Qb4 a6 18. Nd6+ Nxd6 19. Qxd6 Qxd6 20. Bxd6 Nc4 21. Ba3 Nxa3 22. bxa3 b5 23. Nd2 Ra7 24. a4 0-0 25. e4 d4 26. f4 bxa4 27. Nf3 Rc7 28. Nxd4 gxf4 29. gxf4 e5 30. fxe5 Bxe5 31. Nf3 Bf4 32. Ne1 Be6 33. Rb4 a3 34. Rd3 Bxa2 35. Ra4 Bc1 36. e5 Kh8 37. Rd1 Bb2 38. Rh4 Be6 39. Be4 Rg8+ 40. Kh1 a2 41. Rxh6+ Kg7 42. Rh7+ Kf8 43. Rd8+ Ke7 44. Rxg8 0-1

[Event "TUR Cup"]
[Site "Antalya"]
[Date "2017.02.04"]
[Round "11"]
[White "Karaahmetoglu, Ege"]
[Black "Asilkefeli, Metin"]
[Result "0-1"]
[WhiteElo "1969"]
[BlackElo "2158"]
[PlyCount "94"]
[EventDate "2017.01.28"]
[EventType "swiss"]
[EventRounds "11"]
[EventCountry "TUR"]
[SourceTitle "CBM 176 Extra"]
[Source "ChessBase"]
[SourceDate "2017.03.02"]
[SourceVersion "1"]
[SourceVersionDate "2017.03.02"]
[SourceQuality "1"]

1. e4 c5 2. Nf3 e6 3. d4 cxd4 4. Nxd4 a6 5. Bd3 Nf6 6. 0-0 Qc7 7. Qe2 Nc6 8. Nxc6 bxc6 9. f4 d5 10. e5 Nd7 11. c3 Be7 12. Nd2 a5 13. Qg4 g6 14. Re1 Nc5 15. Bc2 Ba6 16. Qf3 Bh4 17. g3 Be7 18. b3 Qa7 19. Kh1 h5 20. h4 Qb6 21. Kh2 Bb7 22. Qf2 Nd7 23. Qxb6 Nxb6 24. a4 Kd7 25. Bb2 Rhd8 26. Rad1 Ke8 27. Bd3 Ba6 28. Bc2 Rab8 29. Nf3 Nxa4 30. Ba1 Nc5 31. Nd4 Rdc8 32. Rd2 Nd7 33. Nxe6 fxe6 34. Bxg6+ Kf8 35. Bxh5 Rxb3 36. Bg4 Nc5 37. f5 Ne4 38. Rxe4 dxe4 39. f6 Bc5 40. Bxe6 e3 41. Rd7 Rb7 42. Rd1 e2 43. Re1 Re8 44. Bg4 Bf2 45. Rxe2 Bxe2 46. Bxe2 Rb1 47. e6 Rxe6 0-1

[Event "TUR Cup"]
[Site "Antalya"]
[Date "2017.02.03"]
[Round "10"]
[White "Asilkefeli, Metin"]
[Black "Tahaoglu, Ugur Barkin"]
[Result "1/2-1/2"]
[WhiteElo "2158"]
[BlackElo "1928"]
[PlyCount "125"]
[EventDate "2017.01.28"]
[EventType "swiss"]
[EventRounds "11"]
[EventCountry "TUR"]
[SourceTitle "CBM 176 Extra"]
[Source "ChessBase"]
[SourceDate "2017.03.02"]
[SourceVersion "1"]
[SourceVersionDate "2017.03.02"]
[SourceQuality "1"]

1. d4 Nf6 2. Nf3 g6 3. g3 Bg7 4. Bg2 0-0 5. c4 d6 6. 0-0 c6 7. Nc3 Qa5 8. d5 cxd5 9. cxd5 Na6 10. Nd4 Bd7 11. h3 Rfc8 12. Be3 Nc5 13. Qd2 Na4 14. Nxa4 Qxd2 15. Bxd2 Bxa4 16. Rac1 Ne8 17. e3 Nf6 18. b3 Bd7 19. g4 h5 20. f3 Nxd5 21. gxh5 Bxd4 22. exd4 gxh5 23. f4 Bc6 24. Rce1 Re8 25. f5 Nf6 26. Bxc6 bxc6 27. Bg5 Nd5 28. Re4 f6 29. Bd2 Kf7 30. Rh4 Rh8 31. Kf2 e5 32. fxe6+ Kxe6 33. Rg1 Kf7 34. Rc1 Rac8 35. Kf3 Ke6 36. Re1+ Kf7 37. Rc1 Rc7 38. Bf4 Nxf4 39. Kxf4 Ke6 40. Re1+ Kd5 41. Kf5 Rh6 42. Rg1 Re7 43. Rg6 Rxg6 44. Kxg6 Re4 45. Rxh5+ Kxd4 46. Ra5 Kc3 47. Kxf6 d5 48. Rc5+ Kb2 49. Rxc6 Kxa2 50. Ra6+ Kxb3 51. Rxa7 d4 52. Kg5 d3 53. h4 Kc3 54. Ra1 d2 55. Rd1 Re1 56. Rxd2 Kxd2 57. h5 Ke3 58. h6 Ke4 59. Kf6 Rf1+ 60. Kg6 Ke5 61. h7 Rh1 62. Kg7 Rxh7+ 63. Kxh7 1/2-1/2

[Event "Malatya Golden Apricot op 4th"]
[Site "Malatya"]
[Date "2016.08.25"]
[Round "8"]
[White "Asilkefeli, Metin"]
[Black "Haznedaroglu, Kivanc"]
[Result "1/2-1/2"]
[WhiteElo "2130"]
[BlackElo "2485"]
[PlyCount "114"]
[EventDate "2016.08.21"]
[EventType "swiss"]
[EventRounds "9"]
[EventCountry "TUR"]
[SourceTitle "CBM 174 Extra"]
[Source "ChessBase"]
[SourceDate "2016.10.10"]
[SourceVersion "1"]
[SourceVersionDate "2016.10.10"]
[SourceQuality "1"]

1. d4 Nf6 2. Nf3 c5 3. c4 e6 4. g3 cxd4 5. Nxd4 Qc7 6. Qc2 a6 7. Bg2 e5 8. Nf3 d5 9. 0-0 b5 10. b3 Bb7 11. Qf5 e4 12. Bf4 Qd7 13. Qe5+ Be7 14. Nd4 Ng4 15. Qc7 Bf6 16. Qxd7+ Nxd7 17. Rd1 g5 18. Bc1 dxc4 19. bxc4 Rc8 20. Na3 b4 21. Rb1 Nc5 22. Rxb4 Rd8 23. Nac2 Bc6 24. Rd2 Ba4 25. Nb3 Bxb3 26. Rxd8+ Kxd8 27. axb3 Kc7 28. Ne3 Nxe3 29. Bxe3 Be7 30. Bd4 Rd8 31. e3 f5 32. Bh3 g4 33. Bf1 Ra8 34. Be2 h5 35. h4 Kc6 36. Bd1 Bd6 37. Kf1 Rd8 38. Ke2 Bc7 39. Bxc5 Kxc5 40. Ra4 a5 41. Ke1 Rd7 42. Be2 Kc6 43. c5 Kxc5 44. Rc4+ Kb6 45. Rd4 Rxd4 46. exd4 f4 47. gxf4 Bd8 48. Bc4 Bxh4 49. Ke2 Bf6 50. Ke3 h4 51. Bd5 h3 52. Kxe4 h2 53. Kf5 Bxd4 54. Kxg4 Bxf2 55. Kh3 Kc5 56. Ba8 Kb4 57. Kxh2 Kxb3 1/2-1/2

[Event "TUR-ch"]
[Site "Kemer"]
[Date "2012.02.02"]
[Round "7"]
[White "Asilkefeli, Metin"]
[Black "Erdogan, Hakan"]
[Result "1/2-1/2"]
[WhiteElo "2108"]
[BlackElo "2257"]
[PlyCount "148"]
[EventDate "2012.01.29"]
[EventType "swiss"]
[EventRounds "10"]
[EventCountry "TUR"]
[SourceTitle "CBM 146 Extra"]
[Source "ChessBase"]
[SourceDate "2012.02.29"]
[SourceVersion "1"]
[SourceVersionDate "2012.02.29"]
[SourceQuality "1"]

1. d4 Nf6 2. Nf3 e6 3. g3 c5 4. Bg2 d5 5. 0-0 Nc6 6. c4 dxc4 7. Ne5 Bd7 8. Nxc6 Bxc6 9. Bxc6+ bxc6 10. Qa4 cxd4 11. Qxc6+ Nd7 12. Qxc4 Nb6 13. Qc6+ Qd7 14. Qxd7+ Nxd7 15. e3 Bc5 16. exd4 Bxd4 17. Rd1 Rc8 18. Na3 Bc5 19. b3 Ke7 20. Bb2 e5 21. Nc4 Ke6 22. Rd3 f6 23. Rad1 Nb6 24. Nd6 Rc6 25. Nb7 Be7 26. R1d2 Rb8 27. Na5 Rc7 28. a3 Rbc8 29. Kf1 Rc2 30. Ke2 g5 31. Rxc2 Rxc2+ 32. Rd2 Rc5 33. Nb7 Rb5 34. Nd8+ Bxd8 35. Rxd8 Rxb3 36. Bc1 Rc3 37. Be3 Rxa3 38. Rh8 Nd5 39. Rxh7 a5 40. h4 gxh4 41. gxh4 Nxe3 42. fxe3 Kf5 43. Rg7 e4 44. h5 Ra2+ 45. Kf1 Rh2 46. Ra7 Rxh5 47. Rxa5+ Kg4 48. Ra6 Kf3 49. Rxf6+ Kxe3 50. Ra6 Rh1+ 51. Kg2 Rc1 52. Re6 Ra1 53. Re8 Ra2+ 54. Kf1 Rf2+ 55. Ke1 Rh2 56. Kf1 Rh1+ 57. Kg2 Re1 58. Ra8 Rd1 59. Re8 Kd3 60. Kf2 Rd2+ 61. Ke1 Rh2 62. Rd8+ Ke3 63. Kf1 Rh1+ 64. Kg2 Re1 65. Ra8 Rd1 66. Re8 Ra1 67. Re7 Ra2+ 68. Kf1 Rf2+ 69. Ke1 Rf4 70. Ra7 Rh4 71. Ra3+ Kf4 72. Ke2 Rh2+ 73. Ke1 e3 74. Ra8 Rh1+ 1/2-1/2

[Event "TUR-ch"]
[Site "Kemer"]
[Date "2011.02.06"]
[Round "3"]
[White "Asilkefeli, Metin"]
[Black "Yilmazyerli, Mert"]
[Result "1/2-1/2"]
[WhiteElo "2110"]
[BlackElo "2322"]
[PlyCount "42"]
[EventDate "2011.02.05"]
[EventType "swiss"]
[EventRounds "10"]
[EventCountry "TUR"]
[SourceTitle "CBM 140 Extra"]
[Source "ChessBase"]
[SourceDate "2011.03.01"]
[SourceVersion "1"]
[SourceVersionDate "2011.03.01"]
[SourceQuality "1"]

1. d4 Nf6 2. c4 g6 3. Nf3 Bg7 4. g3 0-0 5. Bg2 d6 6. 0-0 Nc6 7. Nc3 a6 8. h3 Rb8 9. a4 a5 10. e4 Nd7 11. Be3 e5 12. Rc1 exd4 13. Nxd4 Nde5 14. Nd5 Re8 15. Nb5 Be6 16. Nbxc7 Bxd5 17. Nxd5 Nd7 18. Qc2 Nd4 19. Qd1 Nc6 20. Qc2 Nd4 21. Qd1 Nc6 1/2-1/2

[Event "LSS WC-2013-P-00011"]
[Site "LSS email"]
[Date "2009.02.14"]
[Round "?"]
[White "Asilkefeli, Metin"]
[Black "Atuan, Jorge Daniel"]
[Result "0-1"]
[WhiteElo "1516"]
[BlackElo "2190"]
[PlyCount "56"]
[EventDate "2009.02.18"]
[EventType "tourn (corr)"]
[EventRounds "6"]
[EventCountry "GER"]
[SourceTitle "Telechess CBM 147"]
[Source "ChessBase"]
[SourceDate "2012.03.16"]
[SourceVersion "1"]
[SourceVersionDate "2012.03.16"]
[SourceQuality "1"]

1. d4 e6 2. Nf3 f5 3. g3 Nf6 4. Bg2 d5 5. 0-0 Bd6 6. c4 c6 7. b3 Qe7 8. Qc2 0-0 9. Nbd2 b6 10. Ne5 Bb7 11. Ndf3 Ne4 12. Bb2 Nd7 13. Nxd7 Qxd7 14. Ne5 Qe7 15. f3 Nf6 16. Rad1 Rac8 17. e3 Ba6 18. e4 fxe4 19. fxe4 Bxe5 20. dxe5 Nxe4 21. Bxe4 Rxf1+ 22. Rxf1 dxe4 23. Qxe4 c5 24. Qg4 Bb7 25. h3 Qd7 26. Qf4 h6 27. Kh2 Rd8 28. Bc3 Qd3 0-1

[Event "LSS OP-2009-0-00727"]
[Site "LSS email"]
[Date "2009.01.24"]
[Round "?"]
[White "Asilkefeli, Metin"]
[Black "Bester, Kazimierz"]
[Result "1-0"]
[WhiteElo "1525"]
[BlackElo "900"]
[PlyCount "90"]
[EventDate "2009.01.23"]
[EventType "tourn (corr)"]
[EventRounds "4"]
[EventCountry "GER"]
[SourceTitle "Corr 2011"]
[Source "ChessBase"]
[SourceDate "2010.08.31"]
[SourceVersion "1"]
[SourceVersionDate "2010.08.31"]
[SourceQuality "1"]

1. d4 Nf6 2. Nf3 d5 3. g3 Nbd7 4. Bg2 c6 5. 0-0 Ne4 6. c4 dxc4 7. Qc2 Nd6 8. Ne5 g6 9. Nxc4 Bg7 10. Bf4 Nf5 11. e3 0-0 12. Nbd2 Nb6 13. a4 Nxc4 14. Nxc4 Nd6 15. a5 Bf5 16. Qa4 Bd3 17. Nxd6 exd6 18. Rfd1 Bb5 19. Qb4 Kh8 20. Bxd6 Re8 21. h4 Re6 22. Bf4 a6 23. e4 h5 24. d5 cxd5 25. exd5 Re8 26. Rac1 b6 27. axb6 Qxb6 28. d6 Re2 29. Be3 Rxe3 30. fxe3 Qxe3+ 31. Kh2 Be5 32. Qe1 Qxe1 33. Rxe1 Re8 34. Rcd1 f5 35. d7 Bxd7 36. Rxe5 Rxe5 37. Rxd7 Rb5 38. Rb7 Rxb7 39. Bxb7 a5 40. Kg2 Kg7 41. Kf3 Kf6 42. Kf4 Ke6 43. Kg5 Ke5 44. Bc6 Kd6 45. Be8 Ke7 1-0

[Event "LSS OP-2009-0-00727"]
[Site "LSS email"]
[Date "2009.01.24"]
[Round "?"]
[White "Asilkefeli, Metin"]
[Black "Raines, David T"]
[Result "1-0"]
[WhiteElo "1525"]
[BlackElo "1198"]
[PlyCount "39"]
[EventDate "2009.01.23"]
[EventType "tourn (corr)"]
[EventRounds "4"]
[EventCountry "GER"]
[SourceTitle "Corr 2011"]
[Source "ChessBase"]
[SourceDate "2010.08.31"]
[SourceVersion "1"]
[SourceVersionDate "2010.08.31"]
[SourceQuality "1"]

1. d4 d5 2. Nf3 c6 3. c4 Nf6 4. Nc3 a6 5. Bf4 e6 6. e3 Nbd7 7. Bd3 dxc4 8. Bxc4 b5 9. Bd3 c5 10. Ne4 Nxe4 11. Bxe4 Ra7 12. 0-0 Bb7 13. Bxb7 Rxb7 14. d5 Rb6 15. dxe6 Rxe6 16. a4 b4 17. Qb3 Be7 18. Rfd1 0-0 19. Ne5 Bd6 20. Nxf7 1-0

[Event "LSS RD-2008-0-00007"]
[Site "LSS email"]
[Date "2008.07.21"]
[Round "?"]
[White "Asilkefeli, Metin"]
[Black "Senis, Enrico"]
[Result "0-1"]
[WhiteElo "1516"]
[BlackElo "1389"]
[PlyCount "66"]
[EventDate "2008.06.23"]
[EventType "tourn (corr)"]
[EventRounds "6"]
[EventCountry "GER"]
[SourceTitle "Corr 2013"]
[Source "ChessBase"]
[SourceDate "2012.11.12"]
[SourceVersion "1"]
[SourceVersionDate "2012.11.12"]
[SourceQuality "1"]

1. d4 d5 2. Nf3 Nf6 3. g3 e6 4. Bg2 Be7 5. 0-0 0-0 6. b3 b5 7. a4 b4 8. c4 Bb7 9. Bf4 dxc4 10. bxc4 Nh5 11. Be3 f5 12. Nbd2 f4 13. gxf4 Nxf4 14. Bxf4 Rxf4 15. h3 Rf6 16. e4 a5 17. d5 Na6 18. Nb3 Nc5 19. Nbd4 exd5 20. exd5 Bd6 21. Re1 Rf4 22. Qc2 Qf6 23. Re3 Rxd4 24. Nxd4 Qxd4 25. Rd1 Qf4 26. Rf3 Qh2+ 27. Kf1 Bc8 28. Rd4 Qe5 29. Rh4 Qa1+ 30. Ke2 g6 31. Rxh7 Bf5 32. Rxf5 Re8+ 33. Kf3 gxf5 0-1

[Event "LSS RC-2008-0-00009"]
[Site "LSS email"]
[Date "2008.07.09"]
[Round "?"]
[White "Asilkefeli, Metin"]
[Black "Baumann, Arend"]
[Result "1-0"]
[WhiteElo "1525"]
[BlackElo "1665"]
[PlyCount "37"]
[EventDate "2008.06.25"]
[EventType "tourn (corr)"]
[EventRounds "6"]
[EventCountry "GER"]
[SourceTitle "Corr 2011"]
[Source "ChessBase"]
[SourceDate "2010.08.31"]
[SourceVersion "1"]
[SourceVersionDate "2010.08.31"]
[SourceQuality "1"]

1. e4 e6 2. d4 d5 3. exd5 exd5 4. Nf3 Bd6 5. Be2 Bf5 6. 0-0 Nf6 7. c4 dxc4 8. Bxc4 0-0 9. h3 Nc6 10. Nc3 Re8 11. Bg5 h6 12. Be3 Qd7 13. Nb5 Bf8 14. Bf4 Rac8 15. Ne5 Nxe5 16. dxe5 Qxd1 17. Rfxd1 Nh5 18. Bh2 a6 19. Nd4 1-0

[Event "LSS RD-2008-0-00007"]
[Site "LSS email"]
[Date "2008.07.09"]
[Round "?"]
[White "Ortiz, Manuel"]
[Black "Asilkefeli, Metin"]
[Result "1-0"]
[WhiteElo "1422"]
[BlackElo "1525"]
[PlyCount "51"]
[EventDate "2008.06.23"]
[EventType "tourn (corr)"]
[EventRounds "6"]
[EventCountry "GER"]
[SourceTitle "Corr 2011"]
[Source "ChessBase"]
[SourceDate "2010.08.31"]
[SourceVersion "1"]
[SourceVersionDate "2010.08.31"]
[SourceQuality "1"]

1. e4 c5 2. c3 Nf6 3. e5 Nd5 4. Nf3 d6 5. d4 e6 6. Bc4 Nb6 7. Bb3 Nc6 8. exd6 cxd4 9. cxd4 Bxd6 10. 0-0 0-0 11. Nc3 Nb4 12. Re1 Be7 13. a3 N4d5 14. Qd3 Bf6 15. Ne4 Be7 16. Bc2 g6 17. Bh6 Re8 18. Rac1 Nf6 19. Ne5 Nbd5 20. Nxf7 Kxf7 21. Ng5+ Kg8 22. Nxh7 Kh8 23. Bg7+ Kxg7 24. Qxg6+ Kh8 25. Ng5 Rf8 26. Re4 1-0